Veritatis Splendor: carta encíclica sobre algunas cuestiones fundamentales de la enseñanza moral de la Iglesia
-д хадгалсан:
| Үндсэн зохиолч: | |
|---|---|
| Формат: | Ном |
| Хэл сонгох: | испани |
| Хэвлэсэн: |
Santiago
San Pablo
1993
|
| Хэвлэл: | 2a. ed |
| Нөхцлүүд: | |
| Шошгууд: |
Шошго нэмэх
Шошго байхгүй, Энэхүү баримтыг шошголох эхний хүн болох!
|
MARC
| LEADER | 00000nam a2200000 a 4500 | ||
|---|---|---|---|
| 001 | UCX7981 | ||
| 003 | CL-VaPUC | ||
| 008 | 940117e19930000CL |||||||||||||||||spa|d | ||
| 082 | 0 | 4 | |a 262.91 |b JUA |2 21 |
| 100 | |a Juan Pablo II |e author |9 309920 | ||
| 245 | 1 | 0 | |a Veritatis Splendor: carta encíclica sobre algunas cuestiones fundamentales de la enseñanza moral de la Iglesia |
| 250 | |a 2a. ed | ||
| 300 | |a 180 p | ||
| 942 | |c BK | ||
| 945 | |d 19940117 00:00:00 |a aalvarez | ||
| 260 | |a Santiago |b San Pablo |c 1993 | ||
| 650 | 0 | |a Encíclicas |9 255643 | |
| 650 | 0 | |a Teología |9 258766 | |
| 650 | 0 | |a Verdad |9 313815 | |
| 583 | |a last modification |c 19940117 00:00:00 |k Rodrigo Vera | ||
| 999 | |c 227624 |d 227622 | ||
| 952 | |0 0 |1 0 |4 0 |6 262_910000000000000_JUA_1993 |7 0 |8 A |9 226749 |a BIBTEO |b BIBTEO |d 2019-11-15 |i 2946939 |l 4 |o 262.91 JUA 1993 |p 2946939 |r 2025-01-17 |s 2021-08-27 |w 2019-11-15 |y BK |k ICR | ||
| 952 | |0 0 |1 0 |4 0 |6 262_910000000000000_JUA_1993 |7 0 |8 A |9 226752 |a BIBEDU |b BIBEDU |d 2019-11-15 |i 2946963 |o 262.91 JUA 1993 |p 2946963 |r 2019-11-15 |w 2019-11-15 |y BK |k EDU | ||
| 952 | |0 0 |1 0 |4 0 |6 262_910000000000000_JUA_1993 |7 0 |8 A |9 226753 |a BIBDER |b BIBDER |d 2019-11-15 |i 298394K |o 262.91 JUA 1993 |p 298394K |r 2023-01-25 |w 2019-11-15 |y BK |k DER | ||
| 952 | |0 0 |1 0 |4 0 |6 262_910000000000000_JUA_1993 |7 0 |8 A |9 226754 |a BIBTEO |b BIBTEO |d 2019-11-15 |i 3015262 |o 262.91 JUA 1993 |p 3015262 |r 2025-01-17 |w 2019-11-15 |y BK |k ICR | ||
| 952 | |0 0 |1 0 |4 0 |6 262_910000000000000_JUA_1993 |7 0 |8 A |9 226755 |a BIBTEO |b BIBTEO |d 2019-11-15 |i 3015289 |o 262.91 JUA 1993 |p 3015289 |r 2025-01-17 |w 2019-11-15 |y BK |k ICR | ||
| 952 | |0 0 |1 0 |4 0 |6 262_910000000000000_JUA_1993 |7 0 |8 A |9 226756 |a BIBTEO |b BIBTEO |d 2019-11-15 |i 3015297 |o 262.91 JUA 1993 |p 3015297 |r 2025-01-17 |w 2019-11-15 |y BK |k ICR | ||
| 952 | |0 0 |1 0 |4 0 |6 262_910000000000000_JUA_1993 |7 0 |8 A |9 226757 |a BIBTEO |b BIBTEO |d 2019-11-15 |i 3015254 |o 262.91 JUA 1993 |p 3015254 |r 2025-01-17 |w 2019-11-15 |y BK |k ICR | ||
| 952 | |0 0 |1 0 |4 0 |6 262_910000000000000_JUA_1993 |7 0 |8 A |9 226758 |a BIBTEO |b BIBTEO |d 2019-11-15 |i 3019152 |o 262.91 JUA 1993 |p 3019152 |r 2025-01-17 |w 2019-11-15 |y BK |k ICR | ||
| 952 | |0 0 |1 0 |4 0 |6 262_910000000000000_JUA_1993 |7 0 |8 A |9 226759 |a BIBTEO |b BIBTEO |d 2019-11-15 |i 3019144 |l 2 |m 5 |o 262.91 JUA 1993 |p 3019144 |q 2024-07-31 |r 2021-12-02 |s 2021-12-02 |w 2019-11-15 |y BK |k ICR | ||
| 952 | |0 0 |1 0 |4 0 |6 262_910000000000000_JUA_1993 |7 0 |8 A |9 226760 |a BIBTEO |b BIBTEO |d 2019-11-15 |i 3019136 |o 262.91 JUA 1993 |p 3019136 |r 2025-01-17 |w 2019-11-15 |y BK |k ICR | ||
| 952 | |0 0 |1 0 |4 0 |6 262_910000000000000_JUA_1993 |7 0 |8 A |9 226761 |a BIBTEO |b BIBTEO |d 2019-11-15 |i 3019128 |o 262.91 JUA 1993 |p 3019128 |r 2025-01-17 |w 2019-11-15 |y BK |k ICR | ||
| 952 | |0 0 |1 2 |4 0 |6 262_910000000000000_JUA_1993 |7 0 |8 A |9 226762 |a BIBTEO |b BIBTEO |d 2019-11-15 |i 301911K |o 262.91 JUA 1993 |p 301911K |r 2019-11-15 |w 2019-11-15 |y BK |k ICR | ||